Регионална библиотека "Любен Каравелов" - Русе

Концерт (Запис номер 353548)

MARC детайли
000 -Лидер
Контролно поле с фиксирана дължина ncm a22 a 4500
003 - Код на организацията, давaща контролен номер
Контролно поле BLK
005 - Дата и час на последна редакция
Контролно поле 20200424161112.0
008 - Елементи от данни с фиксирана дължина
fixed length control field 200323b bu ||||| |||| 00| 0 bu d
040 ## - Източник на каталожния запис
Идентификатор на билиотеката - собственик на записа BLK
041 ## - Код за език
Код за езика на текст/звукозапис или на отделно заглавие Руски
Код за езика КДБФ Руски
080 ## - УДК
Текстов определител УДК Флейта
УДК код - определител по УДК 788.5
080 ## - УДК
Текстов определител УДК Концерт за флейта и оркестър
УДК код - определител по УДК 785.6:788.5
УДК - код + определител 785.6:788.5
100 1# - Редна дума - Автор
R(LIN) 47870
Автор Вивальди, Антонио
Авторска отговорност първи автор
139 ## - Редно поле
Редна дума Вивальди, Антонио
Авторски знак Ви - В 55
245 ## - Сведения за заглавието
Заглавие Концерт
Подзаглавни данни Ре мажор, соль мажор
Редно поле (дума) Антонио Вивальди
257 ## - Страна на издаване
Страна на създаване/издаване Русия
260 ## - Област на издателските данни
Място на издаване, разпространение и проч. Ленинградское отделение
Име на издателя, разпространителя и проч. Музыка
Година на издаване 1959
300 ## - Физическа характеристика
Страници 39 с.
Размери/Мащаб 29 см
380 ## - Жанр
Жанр Изкуство
650 #0 - Допълнително описание по предмет – тема
9 (RLIN) 353950
Основно описание – тема или топоним Флейта - концерти, концертини
653 #7 - Ключова дума – ненормативна
9 (RLIN) 196608
Ключова дума симфонични оркестри
700 ## - Други автори (авторска отговорност)
Лично име Зверев, В.
Автороска отговорност (Описва отношението между автора и произведението) ред.
9 (RLIN) 404564
852 ## - Местоположение
Форматна сигнатура М II 8478
Фондова буква Отдел Изкуство - подръчен фонд
Систематично-азбучна сигнатура 785.1/ В 55 А
999 ## - СИСТЕМНИ КОНТРОЛНИ НОМЕРА
Koha biblionumber 353548
Koha biblioitemnumber 353548
942 ## - АРТИКУЛИ
Вид на библиотечния материал Нотни издания
Скрит в OPAC Не
Периодичен библиозапис Да
944 ## - СЪЗДАВАНЕ И РЕДАКЦИЯ на ЗАПИСА
Дата на регистрацията/редакция 2020-04-10
Служител, извършил регистрацията/редакцията Атанаска Минкова
999 ## - СИСТЕМНИ КОНТРОЛНИ НОМЕРА
Koha biblioitemnumber 353548
999 ## - СИСТЕМНИ КОНТРОЛНИ НОМЕРА
Koha biblioitemnumber 353548
999 ## - СИСТЕМНИ КОНТРОЛНИ НОМЕРА
Koha biblioitemnumber 349292
999 ## - СИСТЕМНИ КОНТРОЛНИ НОМЕРА
Koha biblioitemnumber 349292
999 ## - СИСТЕМНИ КОНТРОЛНИ НОМЕРА
Koha biblioitemnumber 349292
Наличности
Код за отписване Код за изгубен артикул Източник на класификационната схема Код за повреда Коз за рестрикции Код за отдаване Артикулен № Име на библиотеката - собственик Име на библиотеката, в която се намира в момента Статус (Текущо местоположение) Дата на вписване в системата Местоположение - отдел Цена в лева Инвентарен номер Систематично азбучна сигнатура Баркод Цена в евро Служебен тип на артикула
  Не е изгубен Universal Decimal Classification Не е повреден без рестрикции заемане за дома 761224 Регионална библиотека "Любен Каравелов" Русе Регионална библиотека "Любен Каравелов" Русе Отдел Изкуство - подръчен фонд 2020-04-13 Отдел Изкуство - подръчен фонд 0.76 342874 788/В 55 120000342874 0.39 Нотни издания
Vip Innovations Ltd, Rousse, Bulgaria 2025